|
|
|
|
| LEADER |
00000nab a2200000 ar4500 |
| 001 |
vtls009407859 |
| 003 |
SK-MaSNL |
| 005 |
20260303193702.0 |
| 008 |
081119c2008 xo |r|p|||||||000 b|slo |
| 015 |
|
|
|a SNBRB2008/11
|2 snkbucl
|
| 038 |
|
|
|a SNKBUCL
|
| 040 |
|
|
|a SNKBUCL
|b slo
|c SNKBUCL
|e AACR2
|
| 041 |
0 |
|
|a slo
|
| 044 |
|
|
|a xo
|c SK
|
| 080 |
|
|
|a 398.2
|x (048)
|2 2001
|
| 080 |
|
|
|a 82.0:82-1/-9
|x (048)
|2 2001
|
| 080 |
|
|
|a 82.0:82-7
|x (048)
|2 2001
|
| 080 |
|
|
|a 82:398
|x (048)
|2 2001
|
| 100 |
1 |
|
|a Vlnka, Jaroslav,
|d 1971-
|4 aut
|9 103665
|
| 245 |
1 |
0 |
|a O mŕtvej babe v dobrom
|c Jaroslav Vlnka
|
| 650 |
0 |
7 |
|a ľudová slovesnosť
|2 snkbucl
|9 67005
|
| 650 |
0 |
7 |
|a humor
|2 snkbucl
|9 1763
|
| 650 |
0 |
7 |
|a ľudová próza
|2 snkbucl
|9 84275
|
| 650 |
0 |
7 |
|a humoristická próza
|2 snkbucl
|9 85253
|
| 655 |
|
7 |
|a recenzie
|2 snkbucl
|9 21907
|
| 655 |
|
7 |
|a eseje
|2 snkbucl
|9 57030
|
| 773 |
0 |
|
|t Knižná revue
|g Roč. XVIII, č. 21 (2008), s. 5
|x 1210-1982
|
| 787 |
0 |
8 |
|i Rec.:
|a Glocko, Peter, 1970-
|t Amen, zabil babu kamen
|d Martin : Vydavateľstvo Matice slovenskej, 2007
|z 9788089208623
|
| 852 |
|
|
|a SNK
|b KIS3GCP
|
| 958 |
|
|
|a LX
|
| 958 |
|
|
|a RC
|
| 999 |
|
|
|c 2153643
|d 2155573
|